000 01018nam a2200313Ia 4500
001 z9livm b1413482
003 OCoLC
005 20171023154253.0
008 060912s2006 nyua j 000 0 eng d
020 _a0439773792 :
020 _a9780439773799
040 _csjds
041 1 _aeng
_aspa
_hspa
090 _ajSPAN PIC
_bORIHUELA, L.
100 1 _aOrihuela, Luz.
245 1 3 _aLa ratita presumida =
_bThe conceited little rat/
_cadaptacion, Luz Orihuela ; ilustraciones, Rosa M. Curto ; traduccion, Esther Sarfatti.
246 3 1 _aConceited little rat.
250 _aSpanish/English.
260 _aNew York :
_bScholastic,
_cc2006.
300 _a22 p. :
_bcol. ill. ;
_c21 cm.
520 _aA vain little rat makes the wrong decision in selecting a marriage partner.
650 1 _aFairy tales.
650 1 _aRats
_vFiction.
650 1 _aCourtship
_vFiction.
650 1 _aSpanish language materials
_vBilingual.
700 1 _aCurto, Rosa Maria.
700 1 _aSarfatti, Esther.
942 _2ddc
_cBK
999 _c19005
_d19005